000 00659nam a2200265Ia 4500
005 20260121164926.0
008 008 260114s9999 xx 000 0 eng d
020 _a9789401131766
037 _aEBOOK
040 _aCRL
040 _beng
040 _cCRL
041 _2eng
041 _aeng
084 _qCRL
100 _aJ. Prakash, R.L.M Pierik
_91045372
245 0 _aHorticulture — New Technologies and Applications
260 _bSpringer
260 _bSpringer
260 _c1991
856 _uhttp://link.springer.com/openurl?genre=book&isbn=978-94-011-3176-6
942 _cEBOOK
999 _c1611095
_d1611095